Customary leaseholds and perpetual tenancies on the Kenyan coast (Record no. 107780)
[ view plain ]
| 000 -LEADER | |
|---|---|
| fixed length control field | 01187cad a22002295a 4500 |
| 001 - CONTROL NUMBER | |
| control field | L141864 |
| 008 - FIXED-LENGTH DATA ELEMENTS--GENERAL INFORMATION | |
| fixed length control field | 080103e20071221xxk f 000 0 eng d |
| 041 0# - LANGUAGE CODE | |
| Language code of text/sound track or separate title | eng |
| 050 04 - LIBRARY OF CONGRESS CALL NUMBER | |
| Classification number | 346.41043 $2 18 |
| 110 2# - MAIN ENTRY--CORPORATE NAME | |
| Corporate name or jurisdiction name as entry element | Royal Institution of Chartered Surveyors |
| 9 (RLIN) | 4900 |
| 245 00 - TITLE STATEMENT | |
| Title | Customary leaseholds and perpetual tenancies on the Kenyan coast |
| 260 ## - PUBLICATION, DISTRIBUTION, ETC. | |
| Place of publication, distribution, etc. | London, |
| Name of publisher, distributor, etc. | RICS, |
| Date of publication, distribution, etc. | 2007 |
| 300 ## - PHYSICAL DESCRIPTION | |
| Extent | 7p. |
| 490 #0 - SERIES STATEMENT | |
| Series statement | RICS Research Paper Series |
| Volume/sequential designation | 7(15) |
| 490 #0 - SERIES STATEMENT | |
| Series statement | FiBRE Findings in Built and Rural Environments |
| 520 ## - SUMMARY, ETC. | |
| Summary, etc. | Reviews the historical context and how that shaped current tenure patterns. These can be classified into three categories: private, customary and state land. However within this, there are many private arrangements, some traditional and others modern innovations responding to market and demographic pressures. Urbanisation is also presenting a new challenge in terms of planning, land management for economic growth, and the political need to reconcile communal with private ambitions. Considers the policy implications of these unusual tenure types. |
| 521 2# - TARGET AUDIENCE NOTE | |
| Target audience note | Advanced |
| 590 ## - LOCAL NOTE (RLIN) | |
| Local note | KA |
| 651 #4 - SUBJECT ADDED ENTRY--GEOGRAPHIC NAME | |
| Geographic name | Kenya |
| 690 ## - LOCAL SUBJECT ADDED ENTRY--TOPICAL TERM (OCLC, RLIN) | |
| Topical term or geographic name as entry element | PROPERTY-TENURE |
| 942 ## - ADDED ENTRY ELEMENTS (KOHA) | |
| Suppress in OPAC | 0 |
| Source of classification or shelving scheme | Dewey Decimal Classification |
| Withdrawn status | Lost status | Source of classification or shelving scheme | Damaged status | Not for loan | Home library | Current library | Shelving location | Date acquired | Total Checkouts | Full call number | Date last seen | Copy number | Price effective from | Koha item type |
|---|---|---|---|---|---|---|---|---|---|---|---|---|---|---|
| Dewey Decimal Classification | Archives | Archives | RICS Boxes | 03/01/2008 | RICS 2007/83 | 07/11/2023 | 1 | 06/08/2019 | Book |